|
|
|
|
| LEADER |
01766nam a2200397 i 4500 |
| 001 |
EBC6695135 |
| 003 |
MiAaPQ |
| 005 |
20220429104126.0 |
| 006 |
m o d | |
| 007 |
cr cnu|||||||| |
| 008 |
220429s2018 gw o 000 0 eng d |
| 020 |
|
|
|z 9783837645439
|q (print)
|
| 020 |
|
|
|a 9783839445433
|q (electronic bk.)
|
| 035 |
|
|
|a (MiAaPQ)EBC6695135
|
| 035 |
|
|
|a (Au-PeEL)EBL6695135
|
| 035 |
|
|
|a (OCoLC)1059275689
|
| 040 |
|
|
|a MiAaPQ
|b eng
|e rda
|e pn
|c MiAaPQ
|d MiAaPQ
|
| 050 |
|
4 |
|a PN56.H57
|b .N635 2018
|
| 082 |
0 |
|
|a 809.93353
|2 23
|
| 100 |
1 |
|
|a Nobitz, Natalie Marena,
|d 1989-
|e author.
|
| 245 |
1 |
0 |
|a History's queer stories :
|b retrieving and navigating homosexuality inBritish fiction about the Second World War /
|c Natalie Marena Nobitz.
|
| 264 |
|
1 |
|a Bielefeld :
|b Transcript Verlag,
|c [2018]
|
| 264 |
|
4 |
|c Ã2018
|
| 300 |
|
|
|a 1 online resource (311 pages).
|
| 336 |
|
|
|a text
|b txt
|2 rdacontent
|
| 337 |
|
|
|a computer
|b c
|2 rdamedia
|
| 338 |
|
|
|a online resource
|b cr
|2 rdacarrier
|
| 490 |
1 |
|
|a Queer Studies ;
|v Volume 19
|
| 588 |
|
|
|a Description based on print version record.
|
| 590 |
|
|
|a Electronic reproduction. Ann Arbor, MI : ProQuest, 2018. Available via World Wide Web. Access may be limited to ProQuest affiliated libraries.
|
| 650 |
|
0 |
|a Homosexuality in literature.
|
| 655 |
|
4 |
|a Electronic books.
|
| 776 |
0 |
8 |
|i Print version:
|a Nobitz, Natalie Marena.
|t History's queer stories : retrieving and navigating homosexuality inBritish fiction about the Second World War.
|d Bielefeld : Transcript Verlag, c2018
|h 311 pages
|k Queer studies ; Volume 19.
|z 9783837645439
|
| 797 |
2 |
|
|a ProQuest (Firm)
|
| 830 |
|
0 |
|a Queer studies ;
|v Volume 19.
|
| 856 |
4 |
0 |
|u https://ebookcentral.proquest.com/lib/matrademy/detail.action?docID=6695135
|z Click to View
|